000 01358cam a22003974a 4500
001 12441379
003 GZU
005 20260313104617.0
008 010614s2002 caua b 001 0 eng
010 _a 2001037638
020 _a0534569250
020 _a9780534569259
022 _a.
035 _a12441379
040 _aDLC
_cDLC
_dDLC
_beng
_erda
042 _apcc
050 0 0 _aBF39
_b.JAC 2002
100 1 _aJaccard, James.
_eauthor
245 1 0 _aStatistics for the behavioral sciences /
_cJames Jaccard, Michael A. Becker.
250 _aFourth edition.
260 _aBelmont, CA :
_bWadsworth/Thomson Learning,
_cc2002.
300 _axxi, 659 pages :
_billustrations ;
_c25 cm.
336 _atext
_btxt
_2rdacontent
337 _aunmediated
_bn
_2rdamedia
338 _avolume
_bnc
_2rdacarrier
504 _aIncludes bibliographical references (p. 644-650) and index.
505 _a.
520 _a.
650 0 _aPsychology
_xStatistical methods.
650 0 _aSocial sciences
_xStatistical methods.
650 0 _aPsychometrics.
700 1 _aBecker, Michael A.,
_d1953-
_eauthor
856 4 2 _3Publisher description
_uhttp://www.loc.gov/catdir/enhancements/fy1515/2001037638-d.html
856 4 1 _3Table of contents only
_uhttp://www.loc.gov/catdir/enhancements/fy1515/2001037638-t.html
942 _2lcc
_cBK
_eFourth edition
_h39
_iJAC
_kBF
999 _c11702
_d11702